000 00248nam a2200097Ia 4500
001 639775
005 20250826153434.0
008 250824s9999 xx 000 0 und d
245 0 _aRuby Rogers Bunu Aklınız Alıyor mu ?
_cSue Limb
260 _bALTIN
999 _c639775
_d639775